Discursus super concursum, et examen clericorum ad beneficia vacantia, ad mentem Sacrosancti Concilij Tridentini cap. 18 sessionis 24 bullae 33 Pij V. / per Reverendiss. Patr. Franciscum Bordonum parmensem Tertij Ordinis S. Francisci professorem iuris canonici ad publicam lucem productus

Detalles Bibliográficos
Autor principal: Bordoni, Francesco, 1595-1671
Formato: Libro
Lenguaje:Latin
Publicado: Parmae : typis Ioseph ab Oleo, & Hyppoliti Rosati, 1691.
Materias:
Colección:Banco de datos
Acervo:Universidad Autónoma Benito Juárez de Oaxaca. Biblioteca Francisco de Burgoa. Colección antigua
Descripción Física:[1] h., 78 p. ; f°
Tema general:Derecho eclesiástico
Notas:Portada tipográfica con viñeta y pleca en grabado xilográfico. Texto a dos columnas con paginación en números arábigos, reclamos y signaturas. Incluye cabecera de título con motivos fantásticos en grabado xilográfico. Incluye capitular con motivos florales y un ángel en grabado xilográfico
LEADER 01378nam a22002050004500
035 |a 5284 
041 0 |a lat 
100 1 |a Bordoni, Francesco, 1595-1671 
245 1 0 |a Discursus super concursum, et examen clericorum ad beneficia vacantia, ad mentem Sacrosancti Concilij Tridentini cap. 18 sessionis 24 bullae 33 Pij V. / per Reverendiss. Patr. Franciscum Bordonum parmensem Tertij Ordinis S. Francisci professorem iuris canonici ad publicam lucem productus  
260 |a Parmae : typis Ioseph ab Oleo, & Hyppoliti Rosati, 1691. 
300 |a [1] h., 78 p. ; f° 
500 |a Portada tipográfica con viñeta y pleca en grabado xilográfico. Texto a dos columnas con paginación en números arábigos, reclamos y signaturas. Incluye cabecera de título con motivos fantásticos en grabado xilográfico. Incluye capitular con motivos florales y un ángel en grabado xilográfico 
501 |a 1 obra (10346-B, 10457-B) 
504 |a Al principio de la obra está el índice de capítulos 
504 |a Al final de la obra está el índice de las cosas notables 
650 1 0 |a Derecho eclesiástico 
852 |a Universidad Autónoma "Benito Juárez" de Oaxaca, Biblioteca Francisco de Burgoa, Colección antigua 10346-B, 10457-B  
942 |c BURANT 
943 |g Universidad Autónoma Benito Juárez de Oaxaca. Biblioteca Francisco de Burgoa. Colección antigua 
999 |c 1116295  |d 1116295